| 000 | 00474nam a2200157 i 4500 | ||
|---|---|---|---|
| 001 | 42069 | ||
| 003 | ES-MaACL | ||
| 005 | 20230906160537.0 | ||
| 007 | t| | ||
| 008 | 030312s1973 sp ||||1| spa d | ||
| 100 | 1 |
_aCastañón, Delfín. _936441 |
|
| 245 | 1 | 0 |
_aComo un ejército... _b: comentarios a la promesa legionaria / _cDelfín Castañón. |
| 260 |
_aEstella (Navarra) : _bVerbo Divino, _c1973. |
||
| 300 |
_a168 p. ; _c19 cm. |
||
| 852 |
_aES-MaACL _jC-52860 _bR.86093 |
||
| 999 |
_c42069 _d42069 |
||